000 00302nam a2200121Ia 4500
008 191201s2011 xx 000 0 und d
100 _aMUKHERJEE, H.K.
245 0 _aGeneral & Commercial Law Module paper-1
260 _aN. Delhi
_bRoshan Lodha
_c2011
300 _aMise
650 _aMBA
942 _2ddc
_cBK
999 _c359
_d359